000 00710nam a22002417a 4500
999 _c3855
_d3855
003 AR-CdUCM
008 190307b ||||| |||| 00| 0 spa d
040 _aMUNICIPALIDAD PROVINCIAL DEL CUSCO
_cBIBLIOTECA MUNICIPAL DEL CUSCO
041 _heng
082 _a828.9 /
_bG77
100 _aGraham, Greene
_912393
245 _aEl poder y la gloria /
260 _aBarcelona :
_bLuis de Caralt,
_c1959.
300 _a238 paginas ;
_c20 cm.
440 _aColección gigante
_912394
500 _aTitulo original: The power and the glory.
505 _aNovela
650 _aNovelas inglesas
_91158
650 _aSiglo XX
_98
700 _aVillalonga, Guillermo
_912395
942 _2ddc
_cLIBROS
945 _aacv